00409nam a2200133Ia 4500008004100000020002200041100001800063245005600081260004700137300002200184500003700206650001300243999001900256200110s9999 xx 000 0 und d a978-81-7884-371-1 aRizvi, G.A.H. cG.A.H.Rizvi.--aTourism in recent global scenerio / aNew Delhi :bCyber Tech Publicationsc2008 a272 pagesc22 cm. aIncludes bibliography and index. aTourism. c362893d362893